[Event "SF Beelen 2 - SK Königsspringer Nordwal"]
[Site "Verbandsklasse 2016/2017"]
[Date "2017.01.21"]
[Round "5.1"]
[White "Wetterau, Georg"]
[Black "Fuisting, Dominik"]
[Result "1/2-1/2"]
[WhiteElo "1800"]
[BlackElo "1737"]
[PlyCount "72"]
[EventDate "2017.??.??"]
[SourceDate "2016.10.13"]

1. e4 c6 2. Nf3 d5 3. e5 Bg4 4. c3 e6 5. d4 a6 6. b4 a5 7. b5 c5 8. Be2 Qb6 9.
O-O Bxf3 10. Bxf3 Qxb5 11. Na3 Qc6 12. Rb1 cxd4 13. cxd4 Bb4 14. Bb2 Ne7 15.
Rc1 Qd7 16. Be2 Bxa3 17. Bxa3 Nbc6 18. Bb5 O-O 19. f4 Rfc8 20. g4 Qd8 21. f5
exf5 22. gxf5 Qb6 23. Bxc6 Nxc6 24. Bc5 Qa6 25. f6 g6 26. Qd2 Nd8 27. Qh6 Ne6
28. Rc3 Qe2 29. Rh3 Qg4+ 30. Kh1 Qe4+ 31. Rff3 g5 32. Kg1 g4 33. Rhg3 Kh8 34.
Re3 Qb1+ 35. Kf2 Qf5+ 36. Ke1 Qb1+ 1/2-1/2

[Event "SF Beelen 2 - SK Königsspringer Nordwal"]
[Site "Verbandsklasse 2016/2017"]
[Date "2017.01.21"]
[Round "5.2"]
[White "Hanewinkel, Christian"]
[Black "Sandmann, Matthias"]
[Result "1/2-1/2"]
[WhiteElo "1672"]
[BlackElo "1742"]
[PlyCount "140"]
[EventDate "2017.??.??"]
[SourceDate "2016.10.13"]

1. e4 e5 2. Nf3 Nc6 3. Bb5 Nf6 4. d3 d6 5. h3 a6 6. Ba4 b5 7. Bb3 Na5 8. c3
Nxb3 9. Qxb3 Be7 10. Be3 Bb7 11. a4 c6 12. Nbd2 O-O 13. d4 exd4 14. cxd4 c5 15.
d5 Re8 16. O-O Bf8 17. axb5 Qb6 18. Ra4 axb5 19. Rfa1 Rab8 20. Ra5 Nxe4 21.
Nxe4 Rxe4 22. Rxb5 Qc7 23. Ra7 Re7 24. Qd3 Qc8 25. Rb6 Qd8 26. Qb5 Bc6 27. Rxb8
Bxb5 28. Rxd8 Rxa7 29. Rb8 Bc4 30. b4 Ra1+ 31. Kh2 cxb4 32. Ne5 Bxd5 33. Nd7
Ra8 34. Rxb4 Rd8 35. Nxf8 Kxf8 36. Rd4 Bb7 37. Rb4 Rd7 38. Rh4 h6 39. Rb4 Ke7
40. Rg4 Kf8 41. Rd4 f6 42. g4 Kf7 43. Kg3 Ke6 44. f4 f5 45. Ra4 Be4 46. Ra7 Bb7
47. Ra5 g6 48. Kh4 Rc7 49. Rb5 Bf3 50. Kg3 Bd1 51. Rb4 Rc3 52. gxf5+ Kxf5 53.
Kf2 d5 54. Rd4 Bb3 55. Ke2 Rc2+ 56. Bd2 Rb2 57. Kf2 Bc4 58. Kg3 Rb3+ 59. Kg2 h5
60. Be1 Re3 61. Bf2 Re4 62. Kg3 h4+ 63. Kxh4 Rxd4 64. Bxd4 Kxf4 65. Bb2 Be2 66.
Bc1+ Ke4 67. Kg3 d4 68. Kf2 Bb5 69. h4 Kd3 70. Ke1 Kc2 1/2-1/2

[Event "SF Beelen 2 - SK Königsspringer Nordwal"]
[Site "Verbandsklasse 2016/2017"]
[Date "2017.01.21"]
[Round "5.3"]
[White "Lerke, Bernd"]
[Black "Hofene, Werner"]
[Result "1-0"]
[WhiteElo "1860"]
[BlackElo "1749"]
[PlyCount "51"]
[EventDate "2017.??.??"]
[SourceDate "2016.10.13"]

1. Nf3 Nf6 2. c4 g6 3. Nc3 Bg7 4. e4 d6 5. Be2 e5 6. d4 Nbd7 7. h3 O-O 8. Bg5
h6 9. Be3 Re8 10. d5 b6 11. Nd2 Nxe4 12. Ndxe4 f5 13. Bd3 fxe4 14. Nxe4 Nf6 15.
g4 Nxe4 16. Bxe4 Qf6 17. Qc2 g5 18. O-O-O Bd7 19. Rdg1 b5 20. h4 bxc4 21. hxg5
hxg5 22. Rh5 Rf8 23. Rxg5 Kf7 24. Rg6 Qe7 25. Bg5 Qe8 26. Re6 1-0

[Event "SF Beelen 2 - SK Königsspringer Nordwal"]
[Site "Verbandsklasse 2016/2017"]
[Date "2017.01.21"]
[Round "5.4"]
[White "Wältermann, Thomas"]
[Black "Mense, Jens-Uwe"]
[Result "0-1"]
[WhiteElo "1742"]
[BlackElo "1793"]
[PlyCount "64"]
[EventDate "2017.??.??"]
[SourceDate "2016.10.13"]

1. e4 g6 2. d4 Bg7 3. f4 d6 4. Nf3 Nd7 5. e5 e6 6. Bd3 Ne7 7. Nc3 b6 8. Qe2 Bb7
9. Bd2 a6 10. O-O-O d5 11. g4 c5 12. f5 cxd4 13. fxe6 dxc3 14. exf7+ Kf8 15.
Bxc3 Nc5 16. Nd4 Nc6 17. b4 Nxd4 18. Bxd4 Ne6 19. Qf2 Nxd4 20. Qxd4 Qg5+ 21.
Kb1 Qxe5 22. Qxe5 Bxe5 23. Rde1 Bd6 24. Re6 Rd8 25. Rf1 Kg7 26. Rff6 Bxh2 27.
Rxb6 Bc8 28. c4 Be5 29. Rf3 Bxg4 30. Rf1 dxc4 31. Bxc4 Bf5+ 32. Kc1 Rc8 0-1

[Event "SF Beelen 2 - SK Königsspringer Nordwal"]
[Site "Verbandsklasse 2016/2017"]
[Date "2017.01.21"]
[Round "5.5"]
[White "Holstegge, Ludger"]
[Black "Bleier, Thomas"]
[Result "1/2-1/2"]
[WhiteElo "1829"]
[BlackElo "1648"]
[PlyCount "36"]
[EventDate "2017.??.??"]
[SourceDate "2016.10.13"]

1. c4 Nf6 2. Nf3 c5 3. Nc3 Nc6 4. g3 e6 5. Bg2 d5 6. cxd5 exd5 7. d4 h6 8. O-O
Be6 9. a3 Rc8 10. Qd3 cxd4 11. Nxd4 Nxd4 12. Qxd4 Bc5 13. Qd3 Qd7 14. e3 O-O
15. Rd1 Rfd8 16. Ne2 Bf5 17. Qb3 Bb6 18. Nd4 Bxd4 1/2-1/2

[Event "SF Beelen 2 - SK Königsspringer Nordwal"]
[Site "Verbandsklasse 2016/2017"]
[Date "2017.01.21"]
[Round "5.6"]
[White "Grothues, Fabian"]
[Black "Kasubke, Manfred"]
[Result "0-1"]
[WhiteElo "1576"]
[BlackElo "1889"]
[PlyCount "76"]
[EventDate "2017.??.??"]
[SourceDate "2016.10.13"]

1. e4 Nf6 2. Nc3 d5 3. exd5 Nxd5 4. Nxd5 Qxd5 5. Qf3 Be6 6. Be2 Nc6 7. c3 O-O-O
8. Qxd5 Bxd5 9. Bf3 e5 10. Bxd5 Rxd5 11. Ne2 Bc5 12. O-O f5 13. b4 Bb6 14. a4
a5 15. b5 Nb8 16. Rd1 Rd3 17. Ba3 Rhd8 18. Ra2 c5 19. Rc2 c4 20. Kf1 Nd7 21. f4
Be3 22. fxe5 Nxe5 23. Nd4 Bxd4 24. cxd4 R8xd4 25. Bb2 Rf4+ 26. Ke2 Re4+ 27. Kf1
Ng4 28. Kg1 Ne3 29. dxe3 Rxd1+ 30. Kf2 g6 31. Bd4 Rexd4 32. exd4 Rxd4 33. Ke3
Re4+ 34. Kf3 Kc7 35. h3 h5 36. Rd2 c3 37. Rc2 Rxa4 38. Rxc3+ Kb6 0-1

[Event "SF Beelen 2 - SK Königsspringer Nordwal"]
[Site "Verbandsklasse 2016/2017"]
[Date "2017.01.21"]
[Round "5.7"]
[White "Steens, Rudolf"]
[Black "Leismann, Franz-Josef"]
[Result "1-0"]
[WhiteElo "1752"]
[BlackElo "1548"]
[PlyCount "67"]
[EventDate "2017.??.??"]
[SourceDate "2016.10.13"]

1. e4 c5 2. c3 d6 3. d4 cxd4 4. cxd4 a6 5. Nc3 Nc6 6. Nf3 Nf6 7. Be3 g6 8. Qd2
Bg7 9. h3 O-O 10. Bd3 Bd7 11. Bh6 Nb4 12. Bb1 Qb6 13. Be3 Qd8 14. O-O Nc6 15.
a3 Na7 16. Bd3 Nc6 17. Rac1 Rc8 18. b4 b5 19. Bb1 Ra8 20. Ba2 Na7 21. Rfd1 Bc6
22. d5 Bd7 23. Bd4 e5 24. dxe6 fxe6 25. Bxf6 Qxf6 26. e5 Qf5 27. Qxd6 Rad8 28.
Qc7 Bh6 29. Rxd7 Rxd7 30. Qxd7 Kh8 31. Bxe6 Qf4 32. Rd1 Nc8 33. Nd5 Qe4 34. Nf6
1-0

[Event "SF Beelen 2 - SK Königsspringer Nordwal"]
[Site "Verbandsklasse 2016/2017"]
[Date "2017.01.21"]
[Round "5.8"]
[White "Kohkemper, Volkmar"]
[Black "Schmidt, Ralf"]
[Result "1-0"]
[WhiteElo "1728"]
[BlackElo "1568"]
[PlyCount "103"]
[EventDate "2017.??.??"]
[SourceDate "2016.10.13"]

1. d4 e6 2. c4 f5 3. Nc3 Nf6 4. e3 c6 5. Bd3 d5 6. cxd5 exd5 7. Nf3 Bd6 8. Qc2
Ne4 9. Ne5 O-O 10. f4 Nd7 11. Nxe4 fxe4 12. Be2 Bb4+ 13. Bd2 Bxd2+ 14. Qxd2
Nxe5 15. dxe5 Qe7 16. O-O Be6 17. b4 a6 18. Rac1 g5 19. g3 Bh3 20. Rf2 Kh8 21.
Bf1 Be6 22. Qd4 Kg8 23. a4 gxf4 24. gxf4 Rf7 25. b5 axb5 26. axb5 Rg7+ 27. Kh1
Qh4 28. Rcc2 Bg4 29. Bg2 Bf3 30. Bxf3 exf3 31. bxc6 bxc6 32. Qd1 Rga7 33. Qxf3
Ra1+ 34. Rf1 Kh8 35. Rxc6 Rxf1+ 36. Qxf1 Qg4 37. Rc2 Qf5 38. Rg2 Rb8 39. Rg1
Qe4+ 40. Qg2 Qxg2+ 41. Rxg2 Rb1+ 42. Rg1 Rb3 43. Rg3 Rb2 44. Kg1 Ra2 45. f5
Ra1+ 46. Kf2 Ra2+ 47. Kf3 Rxh2 48. e6 Rh4 49. e7 Re4 50. f6 d4 51. Kxe4 dxe3
52. e8=Q# 1-0

[Event "Schach Nienberge 2 - SF Neuenkirchen 2"]
[Site "Verbandsklasse 2016/2017"]
[Date "2017.01.21"]
[Round "5.3"]
[White "Rengers, Rainer"]
[Black "Kluczka, Konrad"]
[Result "1/2-1/2"]
[WhiteElo "1752"]
[BlackElo "1817"]
[PlyCount "34"]
[EventDate "2017.??.??"]
[SourceDate "2016.10.13"]

1. d4 d5 2. Nf3 Nf6 3. c4 e6 4. Bg5 Be7 5. e3 h6 6. Bh4 c6 7. Nc3 O-O 8. Qc2
Nbd7 9. Bd3 dxc4 10. Bxc4 Nd5 11. Bxe7 Qxe7 12. a3 Re8 13. O-O Nxc3 14. Qxc3 e5
15. dxe5 Nxe5 16. Nxe5 Qxe5 17. Qxe5 Rxe5 1/2-1/2

[Event "Schach Nienberge 2 - SF Neuenkirchen 2"]
[Site "Verbandsklasse 2016/2017"]
[Date "2017.01.21"]
[Round "5.5"]
[White "Carstensen, Jens"]
[Black "Van de Vyle, Jan"]
[Result "0-1"]
[WhiteElo "1693"]
[BlackElo "1753"]
[PlyCount "60"]
[EventDate "2017.??.??"]
[SourceDate "2016.10.13"]

1. d4 d5 2. Nf3 Nc6 3. e3 Bg4 4. c3 Nf6 5. Nbd2 e5 6. dxe5 Nxe5 7. Be2 Nxf3+ 8.
Nxf3 Bd6 9. h3 Bd7 10. O-O O-O 11. c4 dxc4 12. Bxc4 Qe7 13. Qb3 Rab8 14. a3 b5
15. Be2 c5 16. Rd1 Bc6 17. Bd2 c4 18. Qc2 Be4 19. Qc1 Rfd8 20. Ba5 Re8 21. Nd4
Bc5 22. Bf3 Qb7 23. Bxe4 Nxe4 24. Qc2 Rbc8 25. Kf1 a6 26. Kg1 Qe7 27. Qe2 Qf6
28. Qf3 Bxd4 29. Rxd4 Qxf3 30. gxf3 Nc5 0-1

[Event "Schach Nienberge 2 - SF Neuenkirchen 2"]
[Site "Verbandsklasse 2016/2017"]
[Date "2017.01.21"]
[Round "5.6"]
[White "Scharlow, Siegmar"]
[Black "Ternes, Joachim"]
[Result "1-0"]
[WhiteElo "1719"]
[BlackElo "1606"]
[PlyCount "45"]
[EventDate "2017.??.??"]
[SourceDate "2016.10.13"]

1. d4 Nf6 2. c4 e6 3. Nc3 Bb4 4. e3 b6 5. Bd2 Bb7 6. Nf3 O-O 7. Bd3 h6 8. O-O
d6 9. Re1 Bxc3 10. Bxc3 Ne4 11. Rc1 Nd7 12. Nd2 Nxc3 13. Rxc3 c5 14. Be4 Bxe4
15. Nxe4 Nf6 16. Qf3 Nxe4 17. Qxe4 Qe7 18. dxc5 dxc5 19. Rd1 Rfd8 20. Rcd3 g6
21. g3 Kf8 22. b3 Rxd3 23. Qxa8+ 1-0

[Event "Schach Nienberge 2 - SF Neuenkirchen 2"]
[Site "Verbandsklasse 2016/2017"]
[Date "2017.01.21"]
[Round "5.7"]
[White "Winter, Reinhold"]
[Black "Schulte Austum, Frank"]
[Result "0-1"]
[WhiteElo "1567"]
[BlackElo "1735"]
[PlyCount "76"]
[EventDate "2017.??.??"]
[SourceDate "2016.10.13"]

1. c4 e5 2. Nc3 Nc6 3. g3 f5 4. e3 Nf6 5. Bg2 d6 6. Nge2 g6 7. d4 Bd7 8. Nd5
Bg7 9. Nxf6+ Bxf6 10. d5 Ne7 11. Bd2 O-O 12. O-O c6 13. dxc6 Bxc6 14. Bxc6 Nxc6
15. Bc3 Qe7 16. Qd5+ Qf7 17. Rfd1 Rfd8 18. Rd2 Qxd5 19. Rxd5 Kf7 20. Rad1 Ke6
21. f4 Rac8 22. b3 Be7 23. Kf2 Rc7 24. fxe5 dxe5 25. Kf3 Rcd7 26. e4 Bf6 27. g4
Ne7 28. gxf5+ gxf5 29. Nf4+ exf4 30. Bxf6 Nxd5 31. Bxd8 fxe4+ 32. Kf2 Rxd8 33.
cxd5+ Rxd5 34. Re1 Rd2+ 35. Re2 Rxe2+ 36. Kxe2 Kd5 37. h4 h5 38. a3 Kd4 0-1

[Event "Schach Nienberge 2 - SF Neuenkirchen 2"]
[Site "Verbandsklasse 2016/2017"]
[Date "2017.01.21"]
[Round "5.8"]
[White "Jörgensmann, Rolf"]
[Black "Barlage, Stefan"]
[Result "1-0"]
[WhiteElo "1654"]
[BlackElo "1123"]
[PlyCount "53"]
[EventDate "2017.??.??"]
[SourceDate "2016.10.13"]

1. e4 d5 2. exd5 Qxd5 3. Nc3 Qd6 4. Nf3 Nf6 5. Be2 c6 6. h3 e6 7. d4 Be7 8. Be3
O-O 9. O-O Nbd7 10. Qd2 Nb6 11. Bf4 Qd8 12. a3 Nbd5 13. Nxd5 Nxd5 14. Bg3 Bd6
15. c4 Bxg3 16. cxd5 Bxf2+ 17. Rxf2 exd5 18. Raf1 Be6 19. Ng5 Qd7 20. Bd3 g6
21. Rf6 Rae8 22. Qf4 h5 23. Bxg6 Qe7 24. Nxe6 fxg6 25. Rxf8+ Rxf8 26. Qxf8+
Qxf8 27. Rxf8+ 1-0

[Event "Indische Dame Münster 1 - SC Sendenhors"]
[Site "Verbandsklasse 2016/2017"]
[Date "2017.01.21"]
[Round "5.1"]
[White "Korb, Andreas"]
[Black "Stevermüer, Rüdiger"]
[Result "0-1"]
[WhiteElo "1984"]
[BlackElo "1991"]
[PlyCount "92"]
[EventDate "2017.??.??"]
[SourceDate "2016.10.13"]

1. e4 e5 2. Bc4 d5 3. Bxd5 Nf6 4. Nc3 Bb4 5. Nf3 Bxc3 6. bxc3 Nxd5 7. exd5 Qxd5
8. Qe2 O-O 9. c4 Qd6 10. O-O f6 11. c3 c5 12. Qe4 Qc6 13. Qh4 e4 14. Ne1 Be6
15. d3 Nd7 16. f3 exd3 17. Nxd3 Nb6 18. Be3 Bxc4 19. Rfd1 Bxd3 20. Rxd3 c4 21.
Rd4 Rfe8 22. Qf2 Nd5 23. Bd2 b5 24. Re1 Rxe1+ 25. Qxe1 Re8 26. Re4 Nc7 27. Re3
a6 28. Qh4 Qc5 29. Qf2 Rxe3 30. Bxe3 Qd6 31. Bd4 Qe6 32. h3 Qd6 33. Qe1 Ne6 34.
Bf2 f5 35. Qe3 Kf7 36. Qa7+ Kg6 37. Qa8 h6 38. Qe8+ Kh7 39. Qc8 a5 40. h4 Qd5
41. Qb8 b4 42. Be1 b3 43. axb3 cxb3 44. c4 Qxc4 45. Qe5 Qc5+ 46. Qxc5 Nxc5 0-1

[Event "Indische Dame Münster 1 - SC Sendenhors"]
[Site "Verbandsklasse 2016/2017"]
[Date "2017.01.21"]
[Round "5.2"]
[White "Knispel-Roth, Martin"]
[Black "Teusner, Martin"]
[Result "1-0"]
[WhiteElo "1902"]
[BlackElo "1843"]
[PlyCount "69"]
[EventDate "2017.??.??"]
[SourceDate "2016.10.13"]

1. Nf3 d5 2. g3 Nf6 3. Bg2 e6 4. O-O Bd6 5. c4 c6 6. d3 O-O 7. Nbd2 e5 8. Qc2
Bg4 9. h3 Bh5 10. g4 Bg6 11. Nh4 h6 12. Nxg6 fxg6 13. cxd5 Nxd5 14. Qb3 Kh8 15.
Qxb7 Nf4 16. Ne4 Nxe2+ 17. Kh1 Bc7 18. Qxa8 Bb6 19. Be3 Qc7 20. Nc3 Nf4 21.
Bxf4 exf4 22. Nd5 cxd5 23. Qxd5 Rd8 24. Qe4 g5 25. Rac1 Qf7 26. Qf5 Qg8 27. Be4
Nd7 28. Rc6 Nf6 29. Rfc1 Nxe4 30. dxe4 Qxa2 31. Rc8 Qb3 32. Rxd8+ Bxd8 33. Rc8
Qd3 34. Kg2 Qd4 35. Qd5 1-0

[Event "Indische Dame Münster 1 - SC Sendenhors"]
[Site "Verbandsklasse 2016/2017"]
[Date "2017.01.21"]
[Round "5.3"]
[White "Fleischmann, Andre"]
[Black "Tenberge, Norbert"]
[Result "1/2-1/2"]
[WhiteElo "1740"]
[BlackElo "1844"]
[PlyCount "49"]
[EventDate "2017.??.??"]
[SourceDate "2016.10.13"]

1. d4 d5 2. e4 dxe4 3. Nc3 Nf6 4. f3 e3 5. Bxe3 e6 6. Bd3 Nd5 7. Nxd5 exd5 8.
Ne2 Bd6 9. Qd2 Be6 10. O-O-O Nc6 11. c3 Qd7 12. Nf4 O-O-O 13. Nxe6 Qxe6 14. g4
Ne7 15. Rhe1 Kb8 16. Bg5 Qd7 17. Bf5 Qe8 18. Bxe7 Bxe7 19. Re5 Qf8 20. Rde1 Bf6
21. R5e2 Bh4 22. Rg1 h6 23. Rgg2 Re8 24. Rxe8+ Qxe8 25. Re2 1/2-1/2

[Event "Indische Dame Münster 1 - SC Sendenhors"]
[Site "Verbandsklasse 2016/2017"]
[Date "2017.01.21"]
[Round "5.4"]
[White "ter Veen, Michael"]
[Black "Füllborn, Dietrich"]
[Result "0-1"]
[WhiteElo "1730"]
[BlackElo "1669"]
[PlyCount "82"]
[EventDate "2017.??.??"]
[SourceDate "2016.10.13"]

1. c4 Nf6 2. Nc3 e6 3. g3 Be7 4. Bg2 O-O 5. e4 e5 6. Nge2 Nc6 7. O-O Bc5 8. d3
d6 9. h3 h6 10. Kh2 Nd4 11. Nxd4 Bxd4 12. Ne2 Bb6 13. f4 exf4 14. Nxf4 Bd4 15.
Ne2 Bb6 16. Bd2 c6 17. Bc3 Nh7 18. Qd2 Bc7 19. Nf4 Be6 20. Nh5 f6 21. Nf4 Bf7
22. b3 g5 23. Ne2 d5 24. cxd5 cxd5 25. Qb2 Bh5 26. exd5 Qd6 27. Bf3 Bxf3 28.
Rxf3 Rae8 29. Nd4 g4 30. Nf5 Qxd5 31. Rf2 Ng5 32. Nxh6+ Kh7 33. Nxg4 Nf3+ 34.
Rxf3 Qxf3 35. Kg1 Re2 36. Qxe2 Qxe2 37. Re1 Bb6+ 38. Kh1 Qxd3 39. Re7+ Kg6 40.
Bb4 Qf1+ 41. Kh2 Qg1# 0-1

[Event "Indische Dame Münster 1 - SC Sendenhors"]
[Site "Verbandsklasse 2016/2017"]
[Date "2017.01.21"]
[Round "5.5"]
[White "Weng, Peter"]
[Black "Glotzbach, Thomas"]
[Result "1-0"]
[WhiteElo "1717"]
[BlackElo "1735"]
[PlyCount "47"]
[EventDate "2017.??.??"]
[SourceDate "2016.10.13"]

1. e4 e6 2. d4 d5 3. e5 c5 4. c3 Nc6 5. Nf3 Qb6 6. Bd3 Bd7 7. dxc5 Bxc5 8. O-O
a5 9. Qc2 h6 10. Re1 Nge7 11. Be3 Bxe3 12. Rxe3 d4 13. Re4 dxc3 14. bxc3 Rc8
15. Qd2 Nd5 16. Na3 Qc5 17. Nc4 Ke7 18. Nd6 Rb8 19. Rc4 Qa7 20. Rb1 b6 21. Rg4
g6 22. Rh4 Rbg8 23. Rxh6 Be8 24. Nc8+ 1-0

[Event "Indische Dame Münster 1 - SC Sendenhors"]
[Site "Verbandsklasse 2016/2017"]
[Date "2017.01.21"]
[Round "5.6"]
[White "Dittberner, Markus"]
[Black "Specht, Bernfried"]
[Result "1/2-1/2"]
[WhiteElo "1622"]
[BlackElo "1697"]
[PlyCount "29"]
[EventDate "2017.??.??"]
[SourceDate "2016.10.13"]

1. e4 c5 2. Nf3 e6 3. d4 cxd4 4. Nxd4 a6 5. g3 Qb6 6. Nc3 Nc6 7. Nxc6 dxc6 8.
Bg2 e5 9. O-O Nf6 10. h3 Be6 11. Qe2 Be7 12. Rb1 O-O 13. b3 Qc7 14. Bb2 Rad8
15. Rbd1 1/2-1/2

[Event "Indische Dame Münster 1 - SC Sendenhors"]
[Site "Verbandsklasse 2016/2017"]
[Date "2017.01.21"]
[Round "5.7"]
[White "Westhues, Ralf"]
[Black "Overesch, Dieter"]
[Result "1/2-1/2"]
[WhiteElo "1603"]
[BlackElo "1689"]
[PlyCount "94"]
[EventDate "2017.??.??"]
[SourceDate "2016.10.13"]

1. Nf3 d6 2. g3 e5 3. d3 Nf6 4. Bg2 Be7 5. c4 O-O 6. Nc3 Nbd7 7. O-O c6 8. Bd2
a5 9. Rb1 Nc5 10. b4 axb4 11. Rxb4 Qc7 12. Rb2 Re8 13. Qc2 Bf8 14. a4 h6 15.
Ra1 Ra6 16. Be1 g6 17. Nd2 Bg7 18. Nde4 Nfxe4 19. Nxe4 Ne6 20. a5 f5 21. Nc3
Rxa5 22. Rab1 Ra6 23. e3 Nc5 24. Ne2 e4 25. d4 Nd3 26. Rb3 Nxe1 27. Rxe1 Qa5
28. Reb1 g5 29. Bf1 Ra7 30. Nc3 Re7 31. R3b2 Qc7 32. Rb6 Bd7 33. Qb3 Be8 34.
Qc2 Bg6 35. Bg2 Kh7 36. g4 Qd7 37. gxf5 Qxf5 38. Qb3 Rf7 39. Qc2 Qg4 40. d5
Bxc3 41. dxc6 bxc6 42. Qxc3 Qf5 43. Qb2 Qf6 44. Qxf6 Rxf6 45. Rxc6 Raf7 46. Rb2
Kg7 47. Rd2 Rd7 1/2-1/2

[Event "Indische Dame Münster 1 - SC Sendenhors"]
[Site "Verbandsklasse 2016/2017"]
[Date "2017.01.21"]
[Round "5.8"]
[White "Dörr, Wolf-Rüdiger"]
[Black "Göntgens, Werner"]
[Result "1/2-1/2"]
[WhiteElo "1341"]
[BlackElo "1592"]
[PlyCount "29"]
[EventDate "2017.??.??"]
[SourceDate "2016.10.13"]

1. b3 b6 2. Bb2 Bb7 3. e3 e6 4. Nf3 d5 5. d4 Be7 6. Bd3 Nd7 7. Nbd2 Bf6 8. O-O
Ne7 9. Re1 Rc8 10. Rc1 c5 11. c4 O-O 12. Qc2 g6 13. dxc5 Bxb2 14. Qxb2 Nxc5 15.
Bb1 1/2-1/2

[Event "SC Klein-Berlin Rheine 2 - SK Münster 5"]
[Site "Verbandsklasse 2016/2017"]
[Date "2017.01.21"]
[Round "5.1"]
[White "Jensen, Sören"]
[Black "Ratert, Matthias"]
[Result "1-0"]
[WhiteElo "1734"]
[BlackElo "1864"]
[PlyCount "107"]
[EventDate "2017.??.??"]
[SourceDate "2016.10.13"]

1. g3 c5 2. Bg2 g6 3. d3 Bg7 4. c3 d5 5. Nf3 Nc6 6. O-O e5 7. Nbd2 Nge7 8. e4
d4 9. cxd4 Nxd4 10. Nxd4 Qxd4 11. Nb3 Qd6 12. f4 Nc6 13. f5 f6 14. Be3 b6 15.
a3 Bd7 16. Qd2 h5 17. Nc1 Nd4 18. b4 Rc8 19. fxg6 h4 20. Qf2 hxg3 21. hxg3 c4
22. dxc4 Rxc4 23. Ra2 Qc6 24. Nd3 Bh3 25. Nxe5 Rc2 26. Nxc6 Rxf2 27. Rfxf2 Nxc6
28. Rac2 Ne5 29. Rc8+ Bxc8 30. Bd4 Be6 31. Rc2 Kd7 32. a4 Rc8 33. Rd2 Ke8 34.
a5 bxa5 35. bxa5 a6 36. Bb6 Ke7 37. Rb2 Bc4 38. Bh3 Rc6 39. Bf5 Nd7 40. Be3 Be6
41. Rb7 Bxf5 42. exf5 Rc2 43. Ra7 Re2 44. Bf4 Kd8 45. Rxa6 Kc8 46. Rc6+ Kd8 47.
a6 Ra2 48. Bc7+ Ke8 49. Re6+ Kf8 50. Bd6+ Kg8 51. Re7 Nf8 52. a7 Bh6 53. Bc5
Bg7 54. Re8 1-0

[Event "SC Klein-Berlin Rheine 2 - SK Münster 5"]
[Site "Verbandsklasse 2016/2017"]
[Date "2017.01.21"]
[Round "5.2"]
[White "Hauk, Viktor"]
[Black "Vogenauer, Nikolas"]
[Result "1/2-1/2"]
[WhiteElo "1809"]
[BlackElo "1665"]
[PlyCount "50"]
[EventDate "2017.??.??"]
[SourceDate "2016.10.13"]

1. d4 Nf6 2. c4 g6 3. Nc3 d5 4. Bg5 Ne4 5. Bh4 Nxc3 6. bxc3 dxc4 7. Qa4+ Nd7 8.
Qxc4 Bg7 9. e3 c5 10. Nf3 cxd4 11. exd4 O-O 12. Be2 Nf6 13. Bxf6 Bxf6 14. O-O
Qa5 15. a3 Be6 16. Qb4 Qxb4 17. axb4 Rfc8 18. Ra3 Bc4 19. Bxc4 Rxc4 20. Nd2 Rc7
21. Re1 b6 22. g3 e6 23. Ra6 Be7 24. Nb1 Rd8 25. Kg2 Kg7 1/2-1/2

[Event "SC Klein-Berlin Rheine 2 - SK Münster 5"]
[Site "Verbandsklasse 2016/2017"]
[Date "2017.01.21"]
[Round "5.3"]
[White "Peters, Helmut"]
[Black "van Dijk, Guido"]
[Result "1/2-1/2"]
[WhiteElo "2089"]
[BlackElo "1712"]
[PlyCount "91"]
[EventDate "2017.??.??"]
[SourceDate "2016.10.13"]

1. e4 c6 2. d4 d5 3. Nc3 dxe4 4. Nxe4 Nd7 5. Ng5 Ngf6 6. Bd3 e6 7. N1f3 Bd6 8.
Qe2 h6 9. Ne4 Nxe4 10. Qxe4 Nf6 11. Qe2 Qc7 12. Bd2 Nd5 13. Ne5 Qb6 14. Nc4 Qc7
15. Nxd6+ Qxd6 16. Qg4 Qf8 17. O-O-O Bd7 18. c4 Nf6 19. Qg3 a5 20. Qc7 Bc8 21.
Bxa5 Qe7 22. Qxe7+ Kxe7 23. Bb4+ Kd7 24. f3 Rxa2 25. Ba3 Ra1+ 26. Bb1 b5 27.
cxb5 cxb5 28. Rd3 b4 29. Bxb4 Ra4 30. Bc5 Ba6 31. Ra3 Rxa3 32. bxa3 Bc4 33. Kd2
Rb8 34. Rc1 Ba6 35. Bc2 Nd5 36. Rb1 Ra8 37. g3 Kc7 38. a4 Bc4 39. Ra1 g6 40. a5
Ra6 41. Bd3 Bxd3 42. Kxd3 Kc6 43. h4 h5 44. g4 f5 45. gxh5 gxh5 46. Bb6 1/2-1/2

[Event "SC Klein-Berlin Rheine 2 - SK Münster 5"]
[Site "Verbandsklasse 2016/2017"]
[Date "2017.01.21"]
[Round "5.4"]
[White "Miethe, Christoph"]
[Black "Kamp, Aaron"]
[Result "1-0"]
[WhiteElo "1695"]
[BlackElo "1629"]
[PlyCount "147"]
[EventDate "2017.??.??"]
[SourceDate "2016.10.13"]

1. e4 c5 2. c3 Nf6 3. e5 Nd5 4. d4 cxd4 5. cxd4 Nc6 6. Nf3 d6 7. Be2 dxe5 8.
Nxe5 Bf5 9. Nxc6 bxc6 10. O-O g6 11. Bf3 Bg7 12. Nc3 O-O 13. Nxd5 cxd5 14. Be3
Rb8 15. b3 Qd7 16. Rc1 Rfc8 17. Qd2 Be4 18. Bxe4 dxe4 19. h3 Rd8 20. Rfd1 Rbc8
21. Rxc8 Rxc8 22. Qa5 Rc7 23. d5 Be5 24. Qb4 Qf5 25. Qb8+ Kg7 26. Qb4 Bd6 27.
Qa5 Qe5 28. g3 Qh5 29. Re1 Qxh3 30. Bd4+ f6 31. Qd2 Qf5 32. Qe3 Qxd5 33. Bxa7
Qa5 34. Bb6 Qxa2 35. Bxc7 Bxc7 36. Qxe4 Qxb3 37. Qxe7+ Qf7 38. Qc5 Bd8 39. Ra1
Be7 40. Qe3 Kf8 41. Ra8+ Kg7 42. Ra7 Kf8 43. Qh6+ Kg8 44. Qc1 Kg7 45. Qc7 Kf8
46. Rb7 Qe6 47. Qc1 Kf7 48. Rb1 Qe4 49. Ra1 Qe5 50. Ra7 Qe4 51. Qd2 Kg7 52. Qc3
Kf7 53. Ra1 Qe5 54. Qxe5 fxe5 55. Re1 Ke6 56. Kg2 Kf5 57. Kf3 h5 58. Rb1 Bg5
59. Rb5 Bf6 60. Rb8 h4 61. g4+ Ke6 62. Rb6+ Kf7 63. Ke4 h3 64. Rb3 h2 65. Rh3
Bg5 66. Rxh2 Bf4 67. Rh1 Kf6 68. Rb1 Kg5 69. f3 Bg3 70. Rb6 Bf4 71. Re6 Kh6 72.
Re8 Kg5 73. Rxe5+ Bxe5 74. Kxe5 1-0

[Event "SC Klein-Berlin Rheine 2 - SK Münster 5"]
[Site "Verbandsklasse 2016/2017"]
[Date "2017.01.21"]
[Round "5.5"]
[White "Kamp, Adrian"]
[Black "Huesmann, Stephan"]
[Result "0-1"]
[WhiteElo "1603"]
[BlackElo "1687"]
[PlyCount "48"]
[EventDate "2017.??.??"]
[SourceDate "2016.10.13"]

1. e4 e5 2. d4 exd4 3. Nf3 d6 4. Nxd4 Be7 5. Nc3 Nd7 6. Nf5 g6 7. Nxe7 Nxe7 8.
Bg5 h6 9. Qd4 Rh7 10. Bxe7 Kxe7 11. Nd5+ Kf8 12. O-O-O Nc5 13. Nf6 Rg7 14. Qxc5
Qxf6 15. Qxc7 Qg5+ 16. Kb1 Kg8 17. Rxd6 Be6 18. Qxb7 Rc8 19. Bb5 f6 20. Qa6
Qxg2 21. Rhd1 Qg4 22. Bd7 Bxd7 23. Rxd7 Rc7 24. Rxc7 Qxd1# 0-1

[Event "SC Klein-Berlin Rheine 2 - SK Münster 5"]
[Site "Verbandsklasse 2016/2017"]
[Date "2017.01.21"]
[Round "5.6"]
[White "Wilde, Jürgen"]
[Black "Schlagheck, Thomas"]
[Result "1/2-1/2"]
[WhiteElo "1649"]
[BlackElo "1654"]
[PlyCount "80"]
[EventDate "2017.??.??"]
[SourceDate "2016.10.13"]

1. e4 c5 2. Nc3 Nc6 3. f4 d6 4. Nf3 e6 5. Bb5 Bd7 6. d3 a6 7. Bxc6 Bxc6 8. b3
Nf6 9. O-O Be7 10. Bb2 b5 11. e5 dxe5 12. fxe5 Nd5 13. Qe1 O-O 14. a3 Rc8 15.
Ne4 Nf4 16. Qe3 Ng6 17. Rad1 Bxe4 18. Qxe4 Qd5 19. Qg4 f5 20. Qg3 a5 21. h4 Rf7
22. h5 Nf8 23. Bc1 c4 24. dxc4 Qc5+ 25. Kh1 bxc4 26. Nd4 cxb3 27. cxb3 Qc3 28.
Rf3 Qc5 29. Rfd3 Rd8 30. Rc3 Qa7 31. Rcd3 Qc5 32. Bg5 Bxg5 33. Qxg5 Rb8 34. a4
Rbb7 35. Nb5 h6 36. Qf4 Rfd7 37. Rd6 Re7 38. Qd4 Qc2 39. Qd3 Qc5 40. Qd4 Qc2
1/2-1/2